000 00603nam a2200181 a 4500
001 000048495
005 20201002061209.0
008 190325s2014 dr ac 000 0 spa d
020 _a9789945131727
040 _aDO-SdBNP
_bspa
_cBNPHU
082 _axx
_bxx
100 1 _aBáez Coste, Jesús Ramón
_975920
245 1 0 _aBaní : recuerdos y vivencias /
_cJesús Ramón Báez Coste.
260 _a[Santo Domingo] :
_bEditora Mediabyte,
_c2014.
300 _a249 p. :
_bil., retrs. ;
_c21 cm.
500 _aIncluye datos biográficos del autor en la solapa de la cubierta
590 _aInventariado, 2019/VM
999 _c47983
_d47983